00721nam a2200229Ia 4500003000400000005001700004006001800021007000300039008004100042024001000083037001100093040001800104041001300122100001800135110008900153245008700242260000900329650001600338700002200354700002600376700008900402OSt20220930073206.0a|||||r|||| 00| 0ta220926b |||||||| |||| 00| 0 eng d a28579 cTheses aCRLcCRLbeng 2engaeng aHassani Akbar aUniversity of Delhi. Faculty of Medical Science. Department of Medical Biochemistry 0aBiochemical studies of oxygen free radicals and antioxidants status inurolithiasis c2000 aMATHEMATICS a Rizvi S.N.A. Gu. a Talukdar Bandana Gu. aUniversity of Delhi. Faculty of Medical Science. Department of Medical Biochemistry